[Event "Asia CCCL"]
[Site "Khanty-Mansiysk"]
[Date "2025.06.23"]
[Round "6.4"]
[White "Kenbeilov, Timur"]
[Black "Malakhov, Vladimir"]
[Result "0-1"]
[WhiteElo "2298"]
[BlackElo "2636"]
[PlyCount "68"]
[EventDate "2025.06.18"]
[EventType "team-tourn"]
[EventRounds "7"]
[EventCountry "RUS"]
[SourceTitle "CB27_2025"]
[SourceDate "2025.07.02"]
[SourceVersion "1"]
[SourceVersionDate "2025.07.02"]
[SourceQuality "1"]
[WhiteTeam "Astana"]
[BlackTeam "KPRF Sport"]
[WhiteTeamCountry "KAZ"]
[BlackTeamCountry "RUS"]

1. d4 d5 2. c4 e6 3. g3 Nf6 4. Bg2 h6 5. Nf3 Bd6 6. Nc3 0-0 7. 0-0 Nc6 8. b3 dxc4 9. bxc4 e5 10. d5 Na5 11. Nd2 b6 12. Qc2 Bd7 13. Bb2 Qe7 14. Nb5 Rfc8 15. a4 Nb7 16. Rfc1 a5 17. Rcb1 Bg4 18. e3 Bb4 19. h3 Bh5 20. Ne4 Ne8 21. f4 exf4 22. exf4 Bg6 23. g4 Bxe4 24. Bxe4 Ned6 25. Bh7+ Kh8 26. Nd4 Qe3+ 27. Kg2 Nxc4 28. Qxc4 Kxh7 29. Qc2+ g6 30. f5 Nc5 31. Rf1 g5 32. Qc4 Nd3 33. d6 Kg8 34. d7 Rd8 0-1

[Event "Asia CCCL"]
[Site "Khanty-Mansiysk"]
[Date "2025.06.22"]
[Round "5.4"]
[White "Malakhov, Vladimir"]
[Black "Azizov, Sadullo"]
[Result "1-0"]
[WhiteElo "2636"]
[BlackElo "2074"]
[PlyCount "115"]
[EventDate "2025.06.18"]
[EventType "team-tourn"]
[EventRounds "7"]
[EventCountry "RUS"]
[SourceTitle "CB27_2025"]
[SourceDate "2025.07.02"]
[SourceVersion "1"]
[SourceVersionDate "2025.07.02"]
[SourceQuality "1"]
[WhiteTeam "KPRF Sport"]
[BlackTeam "Uzbekistan CC"]
[WhiteTeamCountry "RUS"]
[BlackTeamCountry "UZB"]

1. Nf3 Nf6 2. c4 e6 3. Nc3 Bb4 4. Qc2 b6 5. a3 Bxc3 6. Qxc3 Bb7 7. b3 d6 8. Bb2 Nbd7 9. e3 Qe7 10. Be2 0-0 11. 0-0 e5 12. d3 Rfe8 13. Qc2 h6 14. Nd2 Nf8 15. Rae1 Ng6 16. d4 Qd7 17. f3 Qe7 18. d5 c6 19. dxc6 Bxc6 20. Bd3 Nf8 21. e4 Ne6 22. Rf2 a6 23. Nf1 Rac8 24. Ne3 b5 25. Nf5 Qf8 26. Qd1 g6 27. Ne3 Red8 28. Rd2 h5 29. h4 Qe7 30. Bf1 Ne8 31. g3 Qb7 32. b4 Rd7 33. Bh3 bxc4 34. Nxc4 Bb5 35. Ne3 Qc6 36. Qb3 Ba4 37. Qd5 Nf6 38. Qxc6 Rxc6 39. Nd5 Ne8 40. f4 Rc2 41. Ree2 Rxd2 42. Rxd2 Bc6 43. fxe5 dxe5 44. Bxe5 Kf8 45. Kf2 Rd8 46. Ke3 Nd6 47. Bxd6+ Rxd6 48. Nf4 Rxd2 49. Nxe6+ fxe6 50. Kxd2 Bxe4 51. Bxe6 Bb7 52. Ke3 Ke7 53. Bc4 Kf6 54. Kf4 Bc8 55. a4 Bb7 56. a5 Bc8 57. b5 axb5 58. Bxb5 1-0

[Event "Karpov Cup 50 Years"]
[Site "Moscow"]
[Date "2025.05.23"]
[Round "8"]
[White "Dubov, Daniil"]
[Black "Malakhov, Vladimir"]
[Result "1/2-1/2"]
[WhiteElo "2693"]
[BlackElo "2642"]
[PlyCount "158"]
[EventDate "2025.05.21"]
[EventType "tourn (rapid)"]
[EventRounds "9"]
[EventCountry "RUS"]
[EventCategory "18"]
[SourceTitle "CB22_2025"]
[SourceDate "2025.05.28"]
[SourceVersion "1"]
[SourceVersionDate "2025.05.28"]
[SourceQuality "1"]

1. d4 d5 2. c4 c6 3. Nf3 Nf6 4. Nc3 a6 5. c5 Bf5 6. Nh4 Bc8 7. Nf3 Bf5 8. Qb3 Ra7 9. Nh4 Bg6 10. Bf4 Nbd7 11. Nxg6 hxg6 12. h3 e6 13. e3 b6 14. cxb6 Qxb6 15. Qxb6 Nxb6 16. Rc1 Kd7 17. Bd3 Bd6 18. Be5 Bxe5 19. dxe5 Ng4 20. f4 Nxe3 21. Kf2 Nf5 22. Ne2 Rc8 23. h4 c5 24. h5 gxh5 25. Bxf5 exf5 26. Rxh5 g6 27. Rh7 Ke7 28. g4 fxg4 29. f5 Nc4 30. fxg6 Nxe5 31. Nf4 Kf6 32. g7 Rg8 33. Nxd5+ Kf5 34. Kg3 f6 35. Rf1+ Nf3 36. Ne3+ Kg6 37. Rfh1 Raxg7 38. R7h6+ Kf7 39. Nf5 Rg5 40. Kf4 Ke6 41. Ng3 Rd5 42. Ne4 Rf5+ 43. Kg3 Ne5 44. Re1 Rf3+ 45. Kg2 c4 46. Re2 Kf7 47. Nd2 Rd3 48. Ne4 Rg6 49. Rh7+ Rg7 50. Rh5 Kg6 51. Rh8 Rgd7 52. Rf8 Rf3 53. Rg8+ Kf7 54. Rxg4 Nxg4 55. Kxf3 Ne5+ 56. Kf4 Ng6+ 57. Kf3 Rd3+ 58. Kf2 Ne5 59. Nc5 Rd6 60. Ke3 a5 61. Ke4 Nc6 62. Rf2 Rd4+ 63. Ke3 Rd5 64. Ne4 Rd3+ 65. Kf4 Ne7 66. Nd2 c3 67. bxc3 Rxc3 68. Ne4 Ra3 69. Nc5 Nd5+ 70. Kf5 Ne7+ 71. Ke4 f5+ 72. Kd4 Rh3 73. Rb2 Nc6+ 74. Kd5 Nb4+ 75. Kc4 f4 76. Rf2 f3 77. Ne4 Rh4 78. Rxf3+ Ke6 79. Kd4 Nxa2 1/2-1/2

[Event "Karpov Cup 50 Years"]
[Site "Moscow"]
[Date "2025.05.22"]
[Round "5"]
[White "Malakhov, Vladimir"]
[Black "Matlakov, Maxim"]
[Result "1-0"]
[WhiteElo "2642"]
[BlackElo "2626"]
[PlyCount "97"]
[EventDate "2025.05.21"]
[EventType "tourn (rapid)"]
[EventRounds "9"]
[EventCountry "RUS"]
[EventCategory "18"]
[SourceTitle "CB22_2025"]
[SourceDate "2025.05.28"]
[SourceVersion "1"]
[SourceVersionDate "2025.05.28"]
[SourceQuality "1"]

1. Nf3 d5 2. e3 Nf6 3. c4 e6 4. Nc3 Bd6 5. b3 0-0 6. Bb2 Nc6 7. cxd5 exd5 8. Be2 a6 9. 0-0 Re8 10. Rc1 Ne5 11. d3 Qe7 12. Nxe5 Qxe5 13. g3 Bh3 14. Re1 Qf5 15. Na4 Ng4 16. Bf3 Bb4 17. Bc3 Bxc3 18. Nxc3 c6 19. e4 dxe4 20. dxe4 Qg5 21. Bxg4 Bxg4 22. f3 Rad8 23. Qe2 Bh3 24. Qe3 Qxe3+ 25. Rxe3 Rd2 26. Re2 Rd3 27. Kf2 h5 28. Na4 Rd4 29. Nc5 Bc8 30. Rcc2 Red8 31. Ke3 Kf8 32. Red2 Rxd2 33. Rxd2 Rxd2 34. Kxd2 Ke7 35. e5 Kd8 36. b4 b6 37. Nd3 g5 38. h4 gxh4 39. gxh4 Ke7 40. Nf4 f6 41. exf6+ Kxf6 42. Nxh5+ Ke5 43. Ke3 c5 44. bxc5 bxc5 45. Ng3 c4 46. f4+ Kd5 47. h5 Be6 48. h6 Bg8 49. Ne4 1-0

[Event "Karpov Cup 50 Years"]
[Site "Moscow"]
[Date "2025.05.22"]
[Round "4"]
[White "Svidler, Peter"]
[Black "Malakhov, Vladimir"]
[Result "1-0"]
[WhiteElo "2698"]
[BlackElo "2642"]
[PlyCount "71"]
[EventDate "2025.05.21"]
[EventType "tourn (rapid)"]
[EventRounds "9"]
[EventCountry "RUS"]
[EventCategory "18"]
[SourceTitle "CB22_2025"]
[SourceDate "2025.05.28"]
[SourceVersion "1"]
[SourceVersionDate "2025.05.28"]
[SourceQuality "1"]

1. e4 e5 2. Nf3 Nc6 3. Bc4 Bc5 4. c3 Nf6 5. d3 a6 6. 0-0 d6 7. h3 h6 8. Re1 Ba7 9. Nbd2 0-0 10. Nf1 Re8 11. Ng3 Be6 12. Bxe6 Rxe6 13. c4 Nh7 14. Nf5 h5 15. Be3 Bxe3 16. fxe3 g6 17. Ng3 Ng5 18. Rf1 Nxf3+ 19. Qxf3 Qe7 20. Ne2 Nb8 21. Nc3 c6 22. Nd5 cxd5 23. cxd5 Nd7 24. dxe6 Qxe6 25. Rac1 Rf8 26. Rc7 Nc5 27. Qf6 Qxf6 28. Rxf6 Nxd3 29. Rxd6 Nxb2 30. Rxb7 Nc4 31. Rd3 Kg7 32. Rc7 Nb6 33. Rb3 Nc8 34. Rb8 Nd6 35. Rxf8 Kxf8 36. Rc6 1-0

[Event "Karpov Cup 50 Years"]
[Site "Moscow"]
[Date "2025.05.21"]
[Round "1"]
[White "Malakhov, Vladimir"]
[Black "Artemiev, Vladislav"]
[Result "1/2-1/2"]
[WhiteElo "2642"]
[BlackElo "2679"]
[PlyCount "71"]
[EventDate "2025.05.21"]
[EventType "tourn (rapid)"]
[EventRounds "9"]
[EventCountry "RUS"]
[EventCategory "18"]
[SourceTitle "CB22_2025"]
[SourceDate "2025.05.28"]
[SourceVersion "1"]
[SourceVersionDate "2025.05.28"]
[SourceQuality "1"]

1. Nf3 d5 2. g3 g6 3. Bg2 Bg7 4. d4 Nd7 5. 0-0 Ngf6 6. c4 dxc4 7. Na3 Nb6 8. Nxc4 Nxc4 9. Qa4+ c6 10. Qxc4 Be6 11. Qb4 Qb6 12. Bd2 Ne4 13. e3 Bd5 14. Rfd1 Nxd2 15. Qxd2 0-0 16. b4 Rfd8 17. Qc3 a5 18. a3 axb4 19. axb4 e6 20. Ne1 Bxg2 21. Kxg2 Bf8 22. Nd3 Qb5 23. Nc5 b6 24. Nd3 Qd5+ 25. Kg1 Bd6 26. Rdc1 Rxa1 27. Rxa1 h5 28. Rc1 Qe4 29. Nb2 e5 30. Qxc6 Qxc6 31. Rxc6 exd4 32. Rxb6 dxe3 33. fxe3 Be7 34. Nc4 Rc8 35. Ne5 Bg5 36. Rc6 1/2-1/2

[Event "Karpov Cup 50 Years"]
[Site "Moscow"]
[Date "2025.05.21"]
[Round "3"]
[White "Malakhov, Vladimir"]
[Black "Nepomniachtchi, Ian"]
[Result "0-1"]
[WhiteElo "2642"]
[BlackElo "2757"]
[PlyCount "86"]
[EventDate "2025.05.21"]
[EventType "tourn (rapid)"]
[EventRounds "9"]
[EventCountry "RUS"]
[EventCategory "18"]
[SourceTitle "CB22_2025"]
[SourceDate "2025.05.28"]
[SourceVersion "1"]
[SourceVersionDate "2025.05.28"]
[SourceQuality "1"]

1. Nf3 d5 2. e3 Nf6 3. c4 e6 4. Nc3 Be7 5. b3 0-0 6. Bb2 b6 7. g3 Nc6 8. Bg2 dxc4 9. bxc4 Ba6 10. d3 Nb4 11. Ke2 Ng4 12. Ne1 Ne5 13. Nb5 Nbxd3 14. Nxd3 Nxc4 15. a4 c6 16. Bxc6 Rc8 17. Bg2 Qd7 18. Bd4 Rfd8 19. f4 Bf6 20. Ne5 Nxe5 21. fxe5 Bxb5+ 22. Kf2 Bc6 23. Bxc6 Rxc6 24. Rf1 Be7 25. Qf3 Rdc8 26. Kg1 Bf8 27. a5 b5 28. a6 b4 29. Kg2 R8c7 30. h4 Qc8 31. Kh3 h6 32. Qe2 Bc5 33. Rf4 Rb6 34. Qd3 Qd7 35. Raf1 Qd5 36. Qe2 Bxd4 37. Rxd4 Qxe5 38. Qd3 f5 39. Rb1 Rc3 40. Qxc3 bxc3 41. Rxb6 Qxe3 42. Rb8+ Kh7 43. Rdd8 Qf3 0-1

[Event "RUS-chT 32nd"]
[Site "Sochi"]
[Date "2025.05.05"]
[Round "9.5"]
[White "Puzyrevsky, Semen"]
[Black "Malakhov, Vladimir"]
[Result "1/2-1/2"]
[WhiteElo "2253"]
[BlackElo "2642"]
[PlyCount "117"]
[EventDate "2025.04.26"]
[EventType "team-swiss"]
[EventRounds "9"]
[EventCountry "RUS"]
[SourceTitle "CB19_2025"]
[SourceDate "2025.05.07"]
[SourceVersion "1"]
[SourceVersionDate "2025.05.07"]
[SourceQuality "1"]
[WhiteTeam "St Petersburg SSHOR"]
[BlackTeam "Moscow KPRF"]
[WhiteTeamCountry "RUS"]
[BlackTeamCountry "RUS"]

1. e4 e5 2. Nf3 Nc6 3. d4 exd4 4. Nxd4 Bc5 5. Nb3 Bb6 6. Nc3 d6 7. Bf4 Nf6 8. Qd2 0-0 9. 0-0-0 a5 10. a4 Be6 11. f3 Bxb3 12. cxb3 Nb4 13. Kb1 Nd7 14. g4 Ne5 15. Qg2 Qf6 16. Qg3 Qe6 17. Bxe5 Qxe5 18. f4 Qc5 19. Bc4 c6 20. g5 Rad8 21. Qg2 Qf2 22. Qxf2 Bxf2 23. Rhf1 Bc5 24. f5 g6 25. h4 Kh8 26. Rf3 Rde8 27. h5 gxh5 28. Rh3 f6 29. gxf6 Rxf6 30. Rxh5 Re7 31. Be6 Rf8 32. Ne2 Kg7 33. Nc3 h6 34. e5 dxe5 35. Ne4 Be3 36. Rh3 Bf4 37. Rg1+ Kh8 38. Rhh1 Nd5 39. Rg6 Rg7 40. Rxg7 Kxg7 41. Rg1+ Kh7 42. Nd6 Be3 43. Rg3 Bf2 44. Rg2 Bc5 45. Nf7 Nf4 46. Rh2 Nxe6 47. fxe6 Kg7 48. Nxe5 Rf5 49. Nf7 h5 50. Nd8 Be7 51. Nxb7 Kf6 52. b4 Bxb4 53. Nd8 Bd6 54. Re2 Be7 55. Nxc6 h4 56. Nxe7 Kxe7 57. b4 axb4 58. Rh2 Rh5 59. a5 1/2-1/2

[Event "RUS-chT 32nd"]
[Site "Sochi"]
[Date "2025.04.30"]
[Round "5.4"]
[White "Malakhov, Vladimir"]
[Black "Volkov, Maksim"]
[Result "1-0"]
[WhiteElo "2642"]
[BlackElo "2388"]
[PlyCount "133"]
[EventDate "2025.04.26"]
[EventType "team-swiss"]
[EventRounds "9"]
[EventCountry "RUS"]
[SourceTitle "CB19_2025"]
[SourceDate "2025.05.07"]
[SourceVersion "1"]
[SourceVersionDate "2025.05.07"]
[SourceQuality "1"]
[WhiteTeam "Moscow KPRF"]
[BlackTeam "Novosibirsk GAU"]
[WhiteTeamCountry "RUS"]
[BlackTeamCountry "RUS"]

1. Nf3 d5 2. g3 Nd7 3. d4 Nb6 4. a4 a5 5. Nc3 Bf5 6. Nh4 Bg4 7. h3 Bh5 8. Ng2 e6 9. Nf4 Bg6 10. h4 Nf6 11. f3 Bd6 12. Nb5 h6 13. Nxd6+ Qxd6 14. b3 Bh7 15. Ba3 Qc6 16. Ra2 e5 17. dxe5 Qc3+ 18. Kf2 Qxe5 19. e3 0-0-0 20. Qd4 Nfd7 21. Nd3 Qxd4 22. exd4 h5 23. Nf4 Bf5 24. Nxh5 Rxh5 25. g4 Bxg4 26. fxg4 Rhh8 27. g5 g6 28. c3 f6 29. Bg2 Rh7 30. Re2 c6 31. Re6 Na8 32. Kg3 Nc7 33. Re7 Rdh8 34. Bh3 Rxe7 35. Bxe7 f5 36. Re1 Ne8 37. Re6 Rg8 38. Bf6 Nexf6 39. gxf6 Rf8 40. f7 Rxf7 41. Rxg6 Kd8 42. Rg5 f4+ 43. Kf3 Nf6 44. Rf5 Ke7 45. Re5+ Kf8 46. Bf5 Rg7 47. Kxf4 Nh5+ 48. Ke3 Rg3+ 49. Kd2 Rg2+ 50. Kd1 Nf6 51. Re3 b5 52. Re6 Kf7 53. Rxc6 bxa4 54. bxa4 Ra2 55. Rc7+ Kf8 56. Bg6 Ng4 57. Kc1 Rxa4 58. Kb2 Ne3 59. h5 Nc4+ 60. Kb1 Na3+ 61. Kc1 Rc4 62. Rf7+ Kg8 63. h6 Rc8 64. Rd7 Nb5 65. Rxd5 Nxc3 66. Rc5 Rxc5 67. dxc5 1-0

[Event "RUS-chT 32nd"]
[Site "Sochi"]
[Date "2025.04.28"]
[Round "3.4"]
[White "Kuzmin, Roman"]
[Black "Malakhov, Vladimir"]
[Result "0-1"]
[WhiteElo "2182"]
[BlackElo "2642"]
[PlyCount "188"]
[EventDate "2025.04.26"]
[EventType "team-swiss"]
[EventRounds "9"]
[EventCountry "RUS"]
[SourceTitle "CB19_2025"]
[SourceDate "2025.05.07"]
[SourceVersion "1"]
[SourceVersionDate "2025.05.07"]
[SourceQuality "1"]
[WhiteTeam "Sverdlovsk Region Sima Lend"]
[BlackTeam "Moscow KPRF"]
[WhiteTeamCountry "RUS"]
[BlackTeamCountry "RUS"]

1. e4 e5 2. Nf3 Nc6 3. d4 exd4 4. Nxd4 Bc5 5. Nb3 Bb6 6. Nc3 d6 7. Qe2 a5 8. Be3 a4 9. Bxb6 axb3 10. Be3 bxa2 11. Rxa2 Rxa2 12. Nxa2 Nge7 13. Nc3 0-0 14. Qd2 f5 15. f3 Qe8 16. Bc4+ Kh8 17. 0-0 Qg6 18. Bb3 fxe4 19. Nxe4 Be6 20. Bxe6 Qxe6 21. Bf2 h6 22. Re1 Qg6 23. Ng3 Nf5 24. Nxf5 Qxf5 25. h4 Ra8 26. Qc3 Qd5 27. Kh2 Qf7 28. Bg3 Ra5 29. Re4 Ra8 30. Rf4 Qd5 31. Rg4 Rg8 32. Qe3 Qf5 33. Qb3 Nd8 34. Re4 Qd7 35. Qe3 Nc6 36. Qb3 b6 37. Qc3 Ne7 38. Rc4 c5 39. Re4 Nf5 40. Bf2 d5 41. Re1 d4 42. Qd3 Rd8 43. Qe4 Qd5 44. Qf4 Qd6 45. Re5 Rf8 46. Re4 Qxf4+ 47. Rxf4 Kg8 48. Kg1 Nd6 49. Rxf8+ Kxf8 50. Kf1 Kf7 51. Ke2 Ke6 52. b4 Kd5 53. bxc5 bxc5 54. c3 Kc4 55. cxd4 cxd4 56. Kd2 h5 57. Bg3 Nf5 58. Bf2 g6 59. Kc2 Ne7 60. Kd2 Nd5 61. g3 Nf6 62. Kc2 Nd7 63. g4 Ne5 64. gxh5 gxh5 65. f4 Ng4 66. Bg1 Nh6 67. Kd2 Nf5 68. Bf2 Nd6 69. Kc2 Ne4 70. Be1 d3+ 71. Kd1 Kd4 72. Bd2 Nd6 73. f5 Nxf5 74. Bg5 Nd6 75. Bf6+ Kd5 76. Be7 Ne4 77. Bd8 Kc4 78. Bb6 Kd5 79. Bc7 Nf2+ 80. Kd2 Ke4 81. Bg3 Ng4 82. Bc7 Ne3 83. Bd8 Nf1+ 84. Kd1 Nh2 85. Be7 Nf3 86. Bd8 Kd4 87. Bb6+ Kd5 88. Bd8 Ke4 89. Be7 Kd4 90. Bd8 d2 91. Be7 Kd3 92. Bf6 Nh2 93. Bg5 Nf1 94. Bh6 Ne3+ 0-1

[Event "Moscow Dvoretsky Memorial Rapid"]
[Site "Moscow"]
[Date "2025.01.13"]
[Round "5.1"]
[White "Malakhov, Vladimir"]
[Black "Shogdzhiev, Roman Sav"]
[Result "1-0"]
[WhiteElo "2642"]
[BlackElo "2348"]
[PlyCount "153"]
[EventDate "2025.01.12"]
[EventType "team-match (rapid)"]
[EventRounds "8"]
[EventCountry "RUS"]
[SourceTitle "CB04_2025"]
[SourceDate "2025.01.22"]
[SourceVersion "1"]
[SourceVersionDate "2025.01.22"]
[SourceQuality "1"]
[WhiteTeam "Experience"]
[BlackTeam "Youth"]
[WhiteTeamCountry "RUS"]
[BlackTeamCountry "RUS"]

1. Nf3 d5 2. e3 Nf6 3. c4 c6 4. Nc3 Nbd7 5. cxd5 cxd5 6. d4 e6 7. Bd3 Bd6 8. 0-0 0-0 9. Bd2 a6 10. Qb3 b5 11. Rfc1 Bb7 12. Ne2 Qe7 13. a3 e5 14. dxe5 Nxe5 15. Nxe5 Qxe5 16. Ng3 d4 17. f4 Qd5 18. Qxd5 Nxd5 19. exd4 Nxf4 20. Bf1 Ne6 21. Nf5 Rfd8 22. a4 Bf8 23. axb5 axb5 24. Rxa8 Bxa8 25. Bxb5 Rd5 26. Bd3 Nxd4 27. Nxd4 Rxd4 28. Rc8 Bd5 29. Bc3 Rxd3 30. Bb4 h5 31. Rxf8+ Kh7 32. Rd8 Rd1+ 33. Kf2 Rd4 34. Bc3 Rf4+ 35. Ke3 Rf5 36. g3 Kg6 37. Rd6+ f6 38. Rd7 Bb3 39. Rb7 Bd5 40. Rd7 Bb3 41. Rb7 Bd1 42. Rd7 Bg4 43. Rd2 Kf7 44. b4 Ke6 45. Rf2 Rd5 46. Rb2 Rf5 47. b5 Kd5 48. Be1 Re5+ 49. Kf2 Re7 50. b6 Rb7 51. Bd2 Ke6 52. Bf4 Bf5 53. Bc7 Be4 54. Ke3 Bh1 55. Rd2 g5 56. Rd6+ Kf5 57. Kd4 Kg4 58. Rxf6 Kh3 59. Rf5 Kg4 60. Rf8 Kh3 61. Rg8 Bf3 62. Ke3 g4 63. Rh8 Kxh2 64. Kf2 Bg2 65. Rxh5+ Bh3 66. Rh4 Kh1 67. Ke3 Kg2 68. Kf4 Kf2 69. Rxg4 Ke2 70. Rh4 Be6 71. g4 Kd3 72. Ke5 Ba2 73. g5 Kc3 74. g6 Bg8 75. g7 Kb3 76. Kd6 Kc3 77. Kc6 1-0

[Event "Moscow Dvoretsky Memorial Rapid"]
[Site "Moscow"]
[Date "2025.01.12"]
[Round "3.1"]
[White "Malakhov, Vladimir"]
[Black "Gilfanov, Marat I"]
[Result "1/2-1/2"]
[WhiteElo "2642"]
[BlackElo "2391"]
[PlyCount "148"]
[EventDate "2025.01.12"]
[EventType "team-match (rapid)"]
[EventRounds "8"]
[EventCountry "RUS"]
[SourceTitle "CB04_2025"]
[SourceDate "2025.01.22"]
[SourceVersion "1"]
[SourceVersionDate "2025.01.22"]
[SourceQuality "1"]
[WhiteTeam "Experience"]
[BlackTeam "Youth"]
[WhiteTeamCountry "RUS"]
[BlackTeamCountry "RUS"]

1. Nf3 e6 2. g3 b5 3. Bg2 Bb7 4. 0-0 Nf6 5. d4 c5 6. a4 b4 7. c3 Nc6 8. Bf4 d5 9. a5 Ba6 10. cxb4 cxb4 11. Qa4 Qd7 12. Rc1 Rc8 13. Nbd2 Be7 14. Qd1 0-0 15. Nb3 Ne4 16. Nfd2 Nxd2 17. Qxd2 Bb5 18. Nc5 Qe8 19. Nb7 Qd7 20. Nc5 Qe8 21. Nb7 Qd7 22. Nc5 Bxc5 23. Rxc5 a6 24. Rac1 Nxa5 25. Rxc8 Rxc8 26. Rxc8+ Qxc8 27. Qxb4 Nc6 28. Qd2 Qd8 29. h4 h6 30. h5 Qa5 31. Qxa5 Nxa5 32. Kf1 Nb3 33. Be3 f6 34. g4 Bc4 35. Ke1 e5 36. dxe5 fxe5 37. f4 d4 38. Bg1 exf4 39. Bh2 Nc1 40. Bxf4 Nxe2 41. Be5 d3 42. Kd2 Kf7 43. Be4 Ng1 44. Bd4 Ne2 45. Be5 Ng1 46. Kc3 Be6 47. Bg6+ Kg8 48. Bxd3 Bxg4 49. Bxa6 Bxh5 50. b4 Nf3 51. Bc7 Ng5 52. Bc4+ Kf8 53. b5 Bf3 54. b6 Bb7 55. Bd6+ Ke8 56. Bb5+ Kd8 57. Kd4 h5 58. Ke3 Ne6 59. Be5 Ke7 60. Be2 g6 61. Bf3 Bxf3 62. Kxf3 Nc5 63. Bd4 Ne6 64. Be5 Nd8 65. Kf4 Ne6+ 66. Kf3 Nc5 67. Bd4 Nb7 68. Kf4 Nd8 69. Kg5 Kf7 70. Bb2 Ne6+ 71. Kh4 Nc5 72. Kg5 Ne4+ 73. Kf4 Nd6 74. Kg5 Ne4+ 1/2-1/2

[Event "Moscow Dvoretsky Memorial"]
[Site "Moscow"]
[Date "2025.01.09"]
[Round "2.1"]
[White "Malakhov, Vladimir"]
[Black "Gilfanov, Marat I"]
[Result "1-0"]
[WhiteElo "2642"]
[BlackElo "2391"]
[PlyCount "157"]
[EventDate "2025.01.08"]
[EventType "team-match"]
[EventRounds "4"]
[EventCountry "RUS"]
[SourceTitle "CB04_2025"]
[SourceDate "2025.01.22"]
[SourceVersion "1"]
[SourceVersionDate "2025.01.22"]
[SourceQuality "1"]
[WhiteTeam "Experience"]
[BlackTeam "Youth"]
[WhiteTeamCountry "RUS"]
[BlackTeamCountry "RUS"]

1. Nf3 e6 2. c4 d5 3. e3 Nf6 4. Nc3 Bd6 5. b3 0-0 6. Bb2 b6 7. Rc1 a6 8. cxd5 exd5 9. g3 Bb7 10. Bg2 Nbd7 11. 0-0 Re8 12. Re1 Rc8 13. Re2 h6 14. d4 Ne4 15. Rec2 Nxc3 16. Bxc3 a5 17. Bb2 a4 18. bxa4 Ra8 19. Ne5 Nf6 20. Nc4 Bf8 21. a5 bxa5 22. Ne5 Bd6 23. Nd3 h5 24. Bc3 h4 25. Be1 Bc8 26. Ne5 Bf5 27. Rc6 g6 28. Qe2 Kg7 29. Ra6 hxg3 30. hxg3 Rxa6 31. Qxa6 Nd7 32. Qxa5 Nxe5 33. dxe5 Bxe5 34. Qxd5 Qf6 35. Bb4 Rb8 36. a3 Be6 37. Qe4 Bf5 38. Qc6 Be6 39. Rd1 Rb6 40. Qc5 Kh7 41. Qf8 Qg7 42. Qxg7+ Kxg7 43. f4 Bd6 44. Bxd6 cxd6 45. a4 Ra6 46. Ra1 Ra5 47. Bc6 Rc5 48. Bf3 Ra5 49. Kf2 Kf6 50. Bd1 Bc4 51. Rb1 Ke6 52. Rb4 Kd5 53. g4 Ra7 54. Be2 Bxe2 55. Kxe2 Kc5 56. Rd4 Rb7 57. Rd2 Ra7 58. Ra2 Kc4 59. g5 d5 60. Rc2+ Kb3 61. Rc5 Rd7 62. Kd3 Kxa4 63. Kd4 Kb4 64. Rxd5 Re7 65. e4 Ka4 66. Rd6 Kb5 67. e5 Rc7 68. e6 fxe6 69. Rxe6 Rc4+ 70. Ke5 Rc5+ 71. Kf6 Rf5+ 72. Kxg6 Rxf4 73. Kh7 Kc5 74. g6 Kd5 75. Re1 Rh4+ 76. Kg8 Kd6 77. g7 Rh2 78. Re4 Kd5 79. Rg4 1-0

[Event "Moscow Region Rapid Cup"]
[Site "Moscow"]
[Date "2024.11.30"]
[Round "8"]
[White "Malakhov, Vladimir"]
[Black "Inarkiev, Ernesto"]
[Result "1/2-1/2"]
[WhiteElo "2642"]
[BlackElo "2650"]
[PlyCount "276"]
[EventDate "2024.11.29"]
[EventType "tourn (rapid)"]
[EventRounds "14"]
[EventCountry "RUS"]
[EventCategory "16"]
[SourceTitle "CB49_2024"]
[SourceDate "2024.12.04"]
[SourceVersion "1"]
[SourceVersionDate "2024.12.04"]
[SourceQuality "1"]

1. e4 e5 2. Nf3 Nc6 3. Bc4 Nf6 4. d3 Bc5 5. 0-0 0-0 6. Re1 h6 7. c3 d6 8. h3 a5 9. Nbd2 Ba7 10. Nf1 Ne7 11. Ng3 c6 12. Bb3 Ng6 13. d4 Re8 14. Bc2 Nh7 15. Nf5 Qf6 16. Be3 Ng5 17. Nxg5 hxg5 18. Qg4 exd4 19. Bxg5 Qe5 20. h4 dxc3 21. h5 cxb2 22. Rab1 Bxf5 23. exf5 Qxe1+ 24. Rxe1 Rxe1+ 25. Kh2 Ne5 26. Qh3 Bxf2 27. h6 gxh6 28. Bxh6 b1Q 29. Bxb1 Rxb1 30. Bg5 Rd1 31. Qh5 Rd4 32. g3 Be3 33. Bxe3 Ng4+ 34. Kh3 Nxe3 35. Qg5+ Kf8 36. f6 Rg4 37. Qxe3 Rg6 38. Qe7+ Kg8 39. Qxb7 Re8 40. Qxc6 Re6 41. Qa8+ Kh7 42. Qxa5 Rexf6 43. Qd5 Re6 44. Qd3 Re5 45. a4 Kg8 46. Qc3 Rgg5 47. Qc8+ Kg7 48. Qc7 Rd5 49. Qc3+ Rge5 50. Qc4 Kf6 51. Qf4+ Ke7 52. Qh4+ Ke8 53. Qf6 Rf5 54. Qh8+ Ke7 55. Qh4+ Ke6 56. Qe4+ Kd7 57. Qb4 Rc5 58. Qb7+ Ke6 59. Qe4+ Rfe5 60. Qb4 f5 61. Qb3+ Kf6 62. Qb6 Red5 63. Qd8+ Ke5 64. Qe7+ Kd4 65. Qe1 Kc4 66. Qb1 Ra5 67. Qb6 Kc3 68. Qb7 Rdc5 69. Qf3+ Kb2 70. Qf2+ Kb3 71. Qe3+ Rc3 72. Qb6+ Kxa4 73. Qxd6 Rac5 74. Qd4+ Kb3 75. Qd1+ Kb2 76. Qd2+ Ka3 77. Qd6 R3c4 78. Qd3+ Ka4 79. Qd1+ Kb4 80. Qb1+ Kc3 81. Qc1+ Kd3 82. Qd1+ Ke4 83. Qe2+ Kd5 84. Qe7 Re4 85. Qd7+ Kc4 86. Qa4+ Kc3 87. Qa3+ Kd4 88. Qa4+ Ke5 89. Qe8+ Kd6 90. Qd8+ Kc6 91. Qc8+ Kb5 92. Qd7+ Ka5 93. Qd2+ Rb4 94. Qd8+ Rb6 95. Qa8+ Kb4 96. Qa2 Rh6+ 97. Kg2 Rhc6 98. Qb2+ Ka5 99. Qd2+ Ka6 100. Kh3 Rb5 101. Qe3 Rc7 102. Qa3+ Kb7 103. Qf3+ Kb8 104. Qf4 Kc8 105. Qh6 Kb7 106. Qf6 Rh7+ 107. Kg2 Rd7 108. Kh3 Rc5 109. Qb2+ Kc7 110. Qa2 Rcd5 111. Qa7+ Kd8 112. Qb6+ Ke7 113. Qg6 Re5 114. Qg5+ Kf7 115. Qh5+ Ke6 116. Qh6+ Ke7 117. Qg7+ Kd6 118. Qh6+ Kc7 119. Qf4 Rde7 120. Qc4+ Kd8 121. Qd4+ Ke8 122. Qc4 Kf8 123. Qc8+ Kg7 124. Qc6 R5e6 125. Qc3+ Kg6 126. Qc8 Re8 127. Qd7 Rh8+ 128. Kg2 Re2+ 129. Kf3 Rhe8 130. Qd4 R2e4 131. Qc3 R8e6 132. Qh8 Re3+ 133. Kg2 Re2+ 134. Kf1 Re8 135. Qd4 R2e4 136. Qd2 Kh5 137. Qh2+ Kg4 138. Qh4+ Kf3 1/2-1/2

[Event "Moscow Region Rapid Cup"]
[Site "Moscow"]
[Date "2024.11.29"]
[Round "4"]
[White "Malakhov, Vladimir"]
[Black "Dreev, Alexey"]
[Result "1/2-1/2"]
[WhiteElo "2642"]
[BlackElo "2590"]
[PlyCount "26"]
[EventDate "2024.11.29"]
[EventType "tourn (rapid)"]
[EventRounds "14"]
[EventCountry "RUS"]
[EventCategory "16"]
[SourceTitle "CB49_2024"]
[SourceDate "2024.12.04"]
[SourceVersion "1"]
[SourceVersionDate "2024.12.04"]
[SourceQuality "1"]

1. Nf3 d5 2. g3 c6 3. Bg2 Bg4 4. c4 e6 5. cxd5 Bxf3 6. Bxf3 cxd5 7. 0-0 Nc6 8. d4 Nf6 9. e3 Be7 10. Nc3 0-0 11. Bd2 Rc8 12. Qe2 Qd7 13. Rfc1 Ra8 1/2-1/2